MARC

LEADER 00000nam0a2200000 4500
001 40636
005 20231031013206.0
010 |a 5222017311 
035 |a (RuTPU)RU\TPU\book\41694 
090 |a 40636 
100 |a 20020520d2001 m y0rusy50 ca 
101 0 |a rus 
102 |a RU 
105 |a y j 001zy 
200 1 |a Менеджмент охраны труда  |e учебник  |f А. И. Ширшков 
210 |a Ростов-на-Дону  |c Феникс  |d 2001 
215 |a 384 с. 
225 1 |a Учебники и учебные пособия 
320 |a Библиогр.: с. 379-380. 
610 1 |a экономика 
610 1 |a труд 
610 1 |a охрана 
610 1 |a менеджмент 
610 1 |a управление 
610 1 |a гигиена 
610 1 |a техника безопасности 
610 1 |a психология 
610 1 |a информационные технологии 
610 1 |a трудоохранный менеджмент 
610 1 |a учебники 
686 |a У9(2)248я73  |v LBC/SL-A  |2 rubbk 
700 1 |a Ширшков  |b А. И. 
801 1 |a RU  |b 63413507  |c 20020520  |g PSBO 
801 2 |a RU  |b 63413507  |c 20121017  |g PSBO 
942 |c BK